Statistiken für Peru-Quiz

Klicken Sie hier um das Quiz zu spielen!

Allgemein

  • Dieses Quiz wurde 1.624 mal gespielt
  • Das Durchschnittsergebnis liegt bei 9 aus 20

Antwortstatistiken

FrageAntwort% Korrekt
Hauptstadt von PeruLima
97%
Meistgesprochene SpracheSpanisch
90%
Wichtige Gebirgskette durch PeruAnden
85%
Vor der Spanischen Eroberung war Peru
ein Teil von diesem Reich
Inkas
82%
Kleinere Version eines LamasAlpaka oder Vikunja
79%
Ruinenstadt, die Perus beliebteste
Touristendestination ist
Machu Picchu
78%
Hoher See an der Grenze mit BolivienTiticacasee
65%
Pseudogetreide, das in den Hochländern wächst
und weltweit eine beliebte Gesundheitsspeise
ist (beginnt mit Q)
Quinoa
55%
Tier bekannt als "Cuy", wenn
es als Speise vorbereitet wird
Meerschweinchen
39%
Hauptstadt dieses ReichsCusco
38%
Meistgesprochene einheimische Sprache
(beginnt mit Q)
Quechua
35%
Eroberer dieses ReichsFrancisco Pizarro
31%
Düngemittel, das auf den Chincha Inseln
in grossen Mengen vorkam
Guano
30%
Gericht aus rohem Fisch mariniert
in Zitrone
Ceviche
24%
Hochebene in der obigen Gebirgskette in
Peru und Bolivien
Alti{plano}
21%
Nationaler Cocktail{Pisco} Sour
21%
Währung von PeruSol
21%
Zweit- und drittgrößte Stadt
(Nennen Sie eine)
Trujillo / Arequipa
20%
Ehemaliger Präsident, der wegen
Menschenrechtsverletzungen veranklagt
wurde und nach Japan floh
Alberto Fujimori
17%
Maoistische Guerrillaorganisation, die
in den 1980er Peru terrorisierte
{Leuchtender} Pfad
17%

Verteilung der Resultate

Perzentil nach korrekt beantworteten Fragen

Anzahl Personen mit jedem Resultat

Ihre Resultats-Entwicklung

Sie haben dieses Quiz noch nicht gespielt